On This Day: October 26th Quiz Stats

 Plays Quiz Updated Oct 26, 2017

Challenge
Share
Tweet
Embed
Score 0/7 Timer 03:00
0 Plays Today
Question Answer Wrong Answers
Benjamin Franklin departs for this European country in an attempt to seek support for the American Revolution.
1776
France
91%
Spain
4.9%
Prussia
1.4%
Netherlands
2.5%
This Canal, which originally provided passage from Albany, New York, to the Great Lakes, opens.
1825
Erie Canal
89%
Grand Canal
7.8%
Industrial Canal
1.4%
Alexandria Canal
1.1%
This act, which aimed at strengthening security controls following 9/11, is signed into law by President George W. Bush.
2001
USA PATRIOT Act
86.4%
SCAN Act
1.7%
SAFE Act
7.5%
EMPOWER Act
2.2%
The famous gunfight at the O.K. Corral takes place in this historic Arizona city.
1881
Tombstone
80.5%
Tucson
7.9%
Mesa
3%
Yuma
7.4%
This American TV personality, best known as the host of ‘Wheel of Fortune’, is born.
1946
Pat Sajak
75.4%
Alex Trebek
7.6%
Bob Barker
12.2%
Richard Dawson
3.2%
The Australian government returns ownership of ______ to the local Pitjantjatjara Aborigines.
1985
Uluru
68.8%
Kings Canyon
6.2%
Great Barrier Reef
17.2%
Blue Mountains
5.8%
Mohammad Reza Pahlavi crowns himself Emperor of ______, and then crowns his wife Farah Empress.
1967
Iran
55.6%
Iraq
5.1%
Saudi Arabia
24.5%
Kuwait
13%

Today's Daily Dose

Missing Word
Entertainment 'M'

Word Ladder
North Carolina

On This Day
January 16th II

You're not logged in!

Compare scores with friends on all Sporcle quizzes.
OR
Log In

You Might Also Like...

Show Comments

Extras

Top Quizzes Today


Score Distribution

Your Account Isn't Verified!

In order to create a playlist on Sporcle, you need to verify the email address you used during registration. Go to your Sporcle Settings to finish the process.

Report this User

Report this user for behavior that violates our Community Guidelines.

Details: